Dark Hero of The Information Age : (Record no. 23439)
[ view plain ]
| 000 -LEADER | |
|---|---|
| fixed length control field | 00333nam a22000737a 4500 |
| 003 - CONTROL NUMBER IDENTIFIER | |
| control field | NUST |
| 005 - DATE AND TIME OF LATEST TRANSACTION | |
| control field | 20170612120334.0 |
| 008 - FIXED-LENGTH DATA ELEMENTS--GENERAL INFORMATION | |
| fixed length control field | 131003b xxu||||| |||| 00| 0 eng d |
| 040 ## - CATALOGING SOURCE | |
| Original cataloging agency | DLC |
| Language of cataloging | DLC |
| Transcribing agency | RCMS |
| 082 ## - DEWEY DECIMAL CLASSIFICATION NUMBER | |
| Classification number | 658 WIE |
| 100 ## - MAIN ENTRY--PERSONAL NAME | |
| Personal name | Flo Conway & Jim Siegelman |
| 9 (RLIN) | 2450 |
| 245 ## - TITLE STATEMENT | |
| Title | Dark Hero of The Information Age : |
| Statement of responsibility, etc. | Sieglman Jim |
| Remainder of title | In Search of Norbert Wiener The Father of Cybernetics |
| 260 ## - PUBLICATION, DISTRIBUTION, ETC. | |
| Place of publication, distribution, etc. | Haricot Inc |
| Name of publisher, distributor, etc. | flo Conway and Jim Siegelman |
| Date of publication, distribution, etc. | c.2005 |
| 300 ## - PHYSICAL DESCRIPTION | |
| Extent | x,150,p: |
| Other physical details | ill: |
| Dimensions | 25,cm. |
| 504 ## - BIBLIOGRAPHY, ETC. NOTE | |
| Bibliography, etc. note | Includes bibliographic references and index. |
| 538 ## - SYSTEM DETAILS NOTE | |
| Display text | Shelf No 1 Row No 4 |
| 650 ## - SUBJECT ADDED ENTRY--TOPICAL TERM | |
| Topical term or geographic name entry element | 1.Mathematicians ----- United States ------- Biography 2. Cybernetics |
| 9 (RLIN) | 2451 |
| 856 ## - ELECTRONIC LOCATION AND ACCESS | |
| Materials specified | Table of Content Only |
| 942 ## - ADDED ENTRY ELEMENTS (KOHA) | |
| Source of classification or shelving scheme | |
| Koha item type | Book |
| Withdrawn status | Lost status | Source of classification or shelving scheme | Damaged status | Not for loan | Permanent Location | Current Location | Shelving location | Date acquired | Total Checkouts | Full call number | Barcode | Date last seen | Date last checked out | Price effective from | Koha item type |
|---|---|---|---|---|---|---|---|---|---|---|---|---|---|---|---|
| School of Interdisciplinary Engineering and Sciences (SINES) | School of Interdisciplinary Engineering and Sciences (SINES) | General Stacks | 10/03/2013 | 1 | 658 WIE | RCMS002565 | 08/23/2021 | 07/05/2021 | 10/03/2013 | Book |
